Atlas del mundo griego antiguo
Salvato in:
| Autori principali: | , |
|---|---|
| Natura: | Libro |
| Lingua: | spagnolo |
| Pubblicazione: |
Madrid
Síntesis
2006
|
| Soggetti: | |
| Tags: |
Aggiungi Tag
Nessun Tag, puoi essere il primo ad aggiungerne!!
|
MARC
| LEADER | 00000nam a2200000 a 4500 | ||
|---|---|---|---|
| 001 | UCI0219 | ||
| 003 | CL-VaPUC | ||
| 008 | 070427e20060000SP |||||||||||||||||spa|d | ||
| 020 | |a 8497562496 | ||
| 082 | 0 | 4 | |a 911 |b DOM |2 21 |
| 100 | 0 | |a Domínguez, Adolfo J |e author |9 520331 | |
| 700 | 0 | |a Pascual, José |e author |9 520332 | |
| 245 | 1 | 0 | |a Atlas del mundo griego antiguo |
| 300 | |a 308 p | ||
| 942 | |c BK | ||
| 945 | |d 20070427 00:00:00 |a jtorresc | ||
| 260 | |a Madrid |b Síntesis |c 2006 | ||
| 650 | 0 | |a Atlas |9 260843 | |
| 650 | 0 | |a Mapas |9 260844 | |
| 650 | 0 | |a Geografía histórica |9 267532 | |
| 650 | 0 | |a Atlas histórico |9 440836 | |
| 651 | 0 | |a Grecia |9 265314 | |
| 583 | |a last modification |c 20130304 04:16:13 |k Rodrigo Vera | ||
| 999 | |c 325456 |d 325454 | ||
| 952 | |0 0 |1 0 |4 0 |6 911_000000000000000_DOM_2006 |7 0 |8 X |9 406394 |a BIBHIS |b BIBHIS |d 2019-11-22 |i 4330978 |l 1 |o 911 DOM 2006 |p 4330978 |r 2024-01-30 |s 2022-09-26 |w 2019-11-22 |y BK_X |k HIS | ||